|
|
|
|
| LEADER |
02520cas a2200337 a 4500 |
| 001 |
AALejournalIMF022285 |
| 008 |
230101c9999 xx r poo 0 0eng d |
| 020 |
|
|
|c 18.00 USD
|
| 020 |
|
|
|z 9781513584669
|
| 022 |
|
|
|a 1018-5941
|
| 040 |
|
|
|a BD-DhAAL
|c BD-DhAAL
|
| 100 |
1 |
|
|a Khera, Purva.
|
| 245 |
1 |
0 |
|a Is Digital Financial Inclusion Unlocking Growth? /
|c Purva Khera, Stephanie Ng, Sumiko Ogawa, Ratna Sahay.
|
| 264 |
|
1 |
|a Washington, D.C. :
|b International Monetary Fund,
|c 2021.
|
| 300 |
|
|
|a 1 online resource (30 pages)
|
| 490 |
1 |
|
|a IMF Working Papers
|
| 500 |
|
|
|a <strong>Off-Campus Access:</strong> No User ID or Password Required
|
| 500 |
|
|
|a <strong>On-Campus Access:</strong> No User ID or Password Required
|
| 506 |
|
|
|a Electronic access restricted to authorized BRAC University faculty, staff and students
|
| 520 |
3 |
|
|a Digital financial services have been a key driver of financial inclusion in recent years. While there is evidence that financial inclusion through traditional services has a positive impact on economic growth, do the same results carry over for digital financial inclusion? What drives digital financial inclusion? Why does it advance more in some countries but not in others? Using new indices of financial inclusion developed in Khera et. al. (2021), this paper addresses these questions for 52 developing countries. Using cross-sectional instrument variable procedure, we find that the exogenous component of digital financial inclusion is positively associated with growth in GDP per capita during 2011-2018, which suggests that digital financial inclusion can accelerate economic growth. Fractional logit and random effects empirical estimation identifies access to infrastructure, financial and digital literacy, and quality of institutions as key drivers of digital financial inclusion. These findings are then used to help inform policy recommendations in areas related to the digitization of financial services to promote financial inclusion.
|
| 538 |
|
|
|a Mode of access: Internet
|
| 650 |
|
7 |
|a Financial Markets and the Macroeconomy
|2 imf
|
| 650 |
|
7 |
|a Foreign Exchange
|2 imf
|
| 650 |
|
7 |
|a Informal Economy
|2 imf
|
| 650 |
|
7 |
|a Monetary Systems
|2 imf
|
| 650 |
|
7 |
|a Underground Econom
|2 imf
|
| 700 |
1 |
|
|a Ng, Stephanie.
|
| 700 |
1 |
|
|a Ogawa, Sumiko.
|
| 700 |
1 |
|
|a Sahay, Ratna.
|
| 830 |
|
0 |
|a IMF Working Papers; Working Paper ;
|v No. 2021/167
|
| 856 |
4 |
0 |
|z Full text available on IMF
|u http://elibrary.imf.org/view/journals/001/2021/167/001.2021.issue-167-en.xml
|z IMF e-Library
|